The elephant's revenge / (Record no. 30022)

MARC details
000 -LEADER
fixed length control field 00911nam a22002537a 4500
005 - DATE AND TIME OF LATEST TRANSACTION
control field 20090904151934.0
008 - FIXED-LENGTH DATA ELEMENTS--GENERAL INFORMATION
fixed length control field 090903t xxu||||| |||| 00| 0 eng d
010 ## - LCCN (DPL NO)
LC control number B-357013
020 ## - INTERNATIONAL STANDARD BOOK NUMBER
International Standard Book Number 9788178127668
Terms of availability 45.00
035 ## - SYSTEM CONTROL NUMBER
System control number B-357013
037 ## - SOURCE OF ACQUISITION
Source of stock number/acquisition DBAD / PUB
040 ## - CATALOGING SOURCE
Original cataloging agency dpl
Language of cataloging English
082 ## - DEWEY DECIMAL CLASSIFICATION NUMBER
Classification number S
245 ## - TITLE STATEMENT
Title The elephant's revenge /
Statement of responsibility, etc edited by Anjani Gupta
260 ## - PUBLICATION, DISTRIBUTION, ETC. (IMPRINT)
Place of publication, distribution, etc New Delhi
Name of publisher, distributor, etc Little Scholarz
Date of publication, distribution, etc 2009
270 ## - ADDRESS
Address 12-H, New Daryaganj Road, Opp. Traffic Kotwali,
City New Delhi
Postal code 110002
300 ## - PHYSICAL DESCRIPTION
Extent unpaged
Other physical details col. ill.
Dimensions 28cm(pbk)
490 ## - SERIES STATEMENT
Series statement Tales from Panchtantra
500 ## - GENERAL NOTE
General note Large print reader
650 ## - SUBJECT ADDED ENTRY--TOPICAL TERM
Topical term or geographic name as entry element Children stories, English
700 ## - ADDED ENTRY--PERSONAL NAME
Personal name Gupta, Anjani
942 ## - ADDED ENTRY ELEMENTS (KOHA)
Source of classification or shelving scheme Dewey Decimal Classification
Item type Children Books
Classification part S
Call number suffix ELE
Holdings
Withdrawn status Lost status Source of classification or shelving scheme Damaged status Not for loan Collection code Home library Current library Date acquired Source of acquisition Cost, normal purchase price Total Checkouts Total Renewals Full call number Barcode Date last seen Copy number Cost, replacement price Koha item type
  Lost and Paid For Dewey Decimal Classification     Fiction Janak Puri Janak Puri 04/09/2009 DBAD / PUB 45.00 19 1 S ELE B-357013 20/10/2018 1 45.00 Children Books

© Delhi Public Library
Hit Counter
free hit counter